00958 a2200217 4500003000500000005001700005040000900022082001000031100003600041245011700077260003100194300001800225505020700243538002900450650001500479651001200494942000800506999001900514952010400533952010300637Nust20170207153208.0 cNust a005.1 aMemon, Abdul Qadir ( MSCS-11) aAn effective and high speed algorithm of pattern searching for instrusion detection systemcAbdul Qadir Memon  bMCS,NUSTc2006aRawalpindi aviii, 47, p.; aThesis introduction (page-1) Exact string matching algorithms (page-7) Pattern oriented IDS (page-16) Tagged pattern search algorithm (page-25) Comparison of tpsa with FNP (page-33) Conclusion (page-37) aAlmirah No 73 Shelf No 2 aPG Thesis aMSCS-11 cTHS c181290d181290 00102ddc40708NFICaMCSbMCSd2016-12-12l0o005.1 MEMpMCSTCS-271r2016-12-08w2016-12-12yBK 00102ddc40708NFICaMCSbMCSd2016-12-12l0o005.1 MEMpMCSTCS-61r2016-12-08w2016-12-12yBK